| 000 | 00975cam a22002653a 4500 | ||
|---|---|---|---|
| 001 | 33015 | ||
| 003 | PGUSA | ||
| 005 | 20140828083720.0 | ||
| 008 | 100628s2010||||xxu|||||s|||||000 | eng d | ||
| 040 |
_aPGUSA _beng |
||
| 042 | _adc | ||
| 050 | 4 | _aBV | |
| 100 | 1 |
_aMoody, Dwight Lyman, _d1837-1899 |
|
| 245 | 1 | 4 |
_aThe Overcoming Life, and Other Sermons _h[electronic resource] / _cDwight Lyman Moody |
| 260 |
_bProject Gutenberg, _c2010 |
||
| 505 | 0 | _aThe overcoming life: pt. 1: The Christian's warfare. pt. 2: Internal foes. pt. 3: External foes -- Results of true repentance -- True wisdom -- "Come thou and all thy house into the ark" -- Humility -- Rest -- Seven "I wills" of Christ. | |
| 506 | _aPublic domain in the USA. | ||
| 516 | _aElectronic text | ||
| 653 | _aEvangelistic work | ||
| 653 | _aEvangelistic sermons | ||
| 653 | _aSermons, American | ||
| 830 | 0 |
_aProject Gutenberg _v33015 |
|
| 856 | 4 | 0 | _uhttp://www.gutenberg.org/ebooks/33015 |
| 942 | _cEB | ||
| 999 |
_c262270 _d262270 |
||